[Event "Skakliga 2007-08"]
[Site "Denmark"]
[Date "2007.11.10"]
[Round "1.1"]
[White "Hector, Jonny"]
[Black "Rasmussen, Allan Stig"]
[Result "0-1"]
[WhiteElo "2550"]
[BlackElo "2475"]
[PlyCount "74"]
[EventDate "2007.11.10"]
[EventType "team-tourn"]
[EventRounds "9"]
[EventCountry "DEN"]
[Source "ChessBase"]
[SourceDate "2003.11.25"]
[WhiteTeam "Nordkalotten"]
[BlackTeam "Jetsmark"]
[WhiteTeamCountry "DEN"]
[BlackTeamCountry "DEN"]

1. e4 c5 2. Nf3 e6 3. d4 cxd4 4. Nxd4 Nc6 5. Nc3 Qc7 6. f4 a6 7. Nf3 Bc5 8. e5
f5 9. Qe2 b5 10. Be3 Qa7 11. Bxc5 Qxc5 12. Qf2 Qb4 13. O-O-O Qxf4+ 14. Rd2 Nh6
15. g3 Qb4 16. Bg2 Rb8 17. h3 Qa5 18. Ng5 b4 19. Nb1 Nxe5 20. Qf4 Rb5 21. Rd4
O-O 22. Nd2 Ng6 23. Qf1 f4 24. Nge4 Nf5 25. Nb3 Qb6 26. Rd2 d5 27. Ng5 Nxg3 28.
Qd1 f3 29. Nxf3 Nxh1 30. Qxh1 Qe3 31. Kd1 Nf4 32. Bf1 Rb6 33. Nh2 e5 34. Nc1 e4
35. Ne2 Rg6 36. Nxf4 Rg1 37. Ng4 Bxg4+ 0-1

[Event "Skakliga 2007-08"]
[Site "Denmark"]
[Date "2007.11.10"]
[Round "1.2"]
[White "Glud, Jakob Vang"]
[Black "Brynell, Stellan"]
[Result "0-1"]
[WhiteElo "2468"]
[BlackElo "2508"]
[PlyCount "118"]
[EventDate "2007.11.10"]
[EventType "team-tourn"]
[EventRounds "9"]
[EventCountry "DEN"]
[Source "ChessBase"]
[SourceDate "2003.11.25"]
[WhiteTeam "Jetsmark"]
[BlackTeam "Nordkalotten"]
[WhiteTeamCountry "DEN"]
[BlackTeamCountry "DEN"]

1. c4 e5 2. g3 Nf6 3. Bg2 h6 4. Nc3 Bb4 5. Nd5 Be7 6. Nf3 d6 7. d4 Nxd5 8. cxd5
Bf6 9. O-O O-O 10. Be3 c6 11. Qb3 cxd5 12. Qxd5 Nc6 13. Rfd1 Re8 14. dxe5 dxe5
15. Qe4 Qa5 16. Nd4 Nxd4 17. Rxd4 Be6 18. Ra4 Qb5 19. Rb4 Qxe2 20. Bf3 Qa6 21.
Qxb7 Qxb7 22. Bxb7 a5 23. Rb5 Rab8 24. Ba7 Bc4 25. Rb6 Bd8 26. Bxb8 Bxb6 27.
Bd6 Re6 28. Rc1 Bxa2 29. Bc5 g6 30. b4 axb4 31. Bxb4 Re8 32. Bd2 Kg7 33. h4 Rd8
34. Rc2 Be6 35. Kg2 Bf5 36. Ra2 Bd4 37. Kf3 Rb8 38. Bd5 Rb5 39. Ra5 Rb6 40. Be3
Bxe3 41. Kxe3 Kf6 42. Ra8 Rd6 43. Bc4 Rc6 44. Bd5 Rc3+ 45. Ke2 Rc5 46. Ra6+ Kg7
47. Ba2 g5 48. hxg5 hxg5 49. Ke3 Rc3+ 50. Kd2 Rd3+ 51. Ke2 e4 52. Kf1 Bg4 53.
Kg2 Bf3+ 54. Kh3 Rd1 55. g4 Rh1+ 56. Kg3 Rg1+ 57. Kh3 Bxg4+ 58. Kh2 Ra1 59. Ra5
Kf6 0-1

[Event "Skakliga 2007-08"]
[Site "Denmark"]
[Date "2007.11.10"]
[Round "1.3"]
[White "Kristensen, Kaare Hove"]
[Black "Pedersen, Christian Kyndel"]
[Result "0-1"]
[WhiteElo "2318"]
[BlackElo "2406"]
[PlyCount "72"]
[EventDate "2007.11.10"]
[EventType "team-tourn"]
[EventRounds "9"]
[EventCountry "DEN"]
[Source "ChessBase"]
[SourceDate "2003.11.25"]
[WhiteTeam "Nordkalotten"]
[BlackTeam "Jetsmark"]
[WhiteTeamCountry "DEN"]
[BlackTeamCountry "DEN"]

1. e4 c5 2. Nf3 d6 3. d4 cxd4 4. Nxd4 Nf6 5. Nc3 a6 6. Bg5 e6 7. f4 Be7 8. Qf3
Qc7 9. O-O-O Nbd7 10. Bd3 h6 11. Bh4 g5 12. e5 dxe5 13. Nxe6 fxe6 14. Bg6+ Kd8
15. fxg5 hxg5 16. Bxg5 Rf8 17. Rhf1 Qc6 18. Be4 Qb6 19. Be3 Qa5 20. Qh3 Bc5 21.
Bg5 Kc7 22. Qxe6 Nxe4 23. Nxe4 Rxf1 24. Rxf1 Kb8 25. h4 Ka7 26. Kb1 Bd4 27. c3
Nc5 28. Qg6 Qb5 29. Re1 Qd3+ 30. Kc1 Be6 31. Rd1 Qxe4 32. Qxe4 Nxe4 33. cxd4
Rc8+ 34. Kb1 Nxg5 35. hxg5 Bf5+ 36. Ka1 exd4 0-1

[Event "Skakliga 2007-08"]
[Site "Denmark"]
[Date "2007.11.10"]
[Round "1.4"]
[White "Christensen, Stefan"]
[Black "Ejsing, Esben"]
[Result "1-0"]
[WhiteElo "2308"]
[BlackElo "2244"]
[PlyCount "117"]
[EventDate "2007.11.10"]
[EventType "team-tourn"]
[EventRounds "9"]
[EventCountry "DEN"]
[Source "ChessBase"]
[SourceDate "2003.11.25"]
[WhiteTeam "Jetsmark"]
[BlackTeam "Nordkalotten"]
[WhiteTeamCountry "DEN"]
[BlackTeamCountry "DEN"]

1. e4 e6 2. d4 d5 3. Nc3 Bb4 4. e5 b6 5. Qg4 Bf8 6. Nh3 Qd7 7. Nf4 Ba6 8. Bxa6
Nxa6 9. O-O Ne7 10. Nh5 O-O-O 11. Nxg7 Rg8 12. Qe2 Bxg7 13. Qxa6+ Kb8 14. Bg5
c6 15. a4 Bf8 16. Bf6 Rc8 17. Bxe7 Bxe7 18. Rad1 f6 19. Rd3 Rg4 20. Ne2 fxe5
21. dxe5 Bc5 22. c3 Qg7 23. Rg3 Rxg3 24. hxg3 Qxe5 25. b4 Be7 26. a5 Qc7 27.
Nd4 e5 28. Ne6 Qb7 29. Qe2 Bf6 30. f4 e4 31. Qe3 bxa5 32. Nc5 Qg7 33. bxa5 Ka8
34. Rb1 Rb8 35. Rxb8+ Kxb8 36. Na6+ Kb7 37. Nc5+ Ka8 38. Ne6 Qe7 39. f5 Qa3 40.
Qh6 Qxc3 41. Qf8+ Kb7 42. Nc5+ Kc7 43. Qf7+ Kd6 44. Nb7+ Ke5 45. Qe6+ Kd4 46.
Qxf6+ Kd3 47. Qxc3+ Kxc3 48. f6 e3 49. Nc5 Kd2 50. Nb3+ Kd1 51. Nd4 c5 52. Nf3
c4 53. f7 c3 54. f8=Q c2 55. Qa3 c1=Q 56. Qd3+ Qd2 57. Nxd2 exd2 58. Kf1 Kc1
59. Ke2 1-0

[Event "Skakliga 2007-08"]
[Site "Denmark"]
[Date "2007.11.10"]
[Round "1.5"]
[White "Jakobsen, Peter"]
[Black "Jensen, Bjarke"]
[Result "0-1"]
[WhiteElo "2215"]
[BlackElo "2252"]
[PlyCount "70"]
[EventDate "2007.11.10"]
[EventType "team-tourn"]
[EventRounds "9"]
[EventCountry "DEN"]
[Source "ChessBase"]
[SourceDate "2003.11.25"]
[WhiteTeam "Nordkalotten"]
[BlackTeam "Jetsmark"]
[WhiteTeamCountry "DEN"]
[BlackTeamCountry "DEN"]

1. e4 c5 2. Nf3 Nc6 3. d4 cxd4 4. Nxd4 g6 5. c4 Bg7 6. Be3 Nf6 7. Nc3 d6 8. Be2
Bd7 9. O-O O-O 10. Qd2 Nxd4 11. Bxd4 a5 12. b3 Bc6 13. f3 Nd7 14. Be3 Nc5 15.
Rab1 Qb6 16. Rfc1 Qb4 17. Kh1 e6 18. Bh6 Rfd8 19. Bg5 Rd7 20. Qe3 a4 21. bxa4
Qa5 22. Nb5 Qxa4 23. Bf4 Qxa2 24. Nxd6 e5 25. Bg3 Ne6 26. c5 Ra3 27. Bc4 Rxe3
28. Bxa2 Nd4 29. Bd5 Ne2 30. Rc2 Nxg3+ 31. hxg3 Bf8 32. Nc4 Bxc5 33. Nxe5 Rxd5
34. exd5 Rxe5 35. dxc6 Rh5# 0-1

[Event "Skakliga 2007-08"]
[Site "Denmark"]
[Date "2007.11.10"]
[Round "1.6"]
[White "Helledie, Anders"]
[Black "Nielsen, Lars Aaes"]
[Result "1/2-1/2"]
[WhiteElo "2121"]
[BlackElo "2201"]
[PlyCount "107"]
[EventDate "2007.11.10"]
[EventType "team-tourn"]
[EventRounds "9"]
[EventCountry "DEN"]
[Source "ChessBase"]
[SourceDate "2003.11.25"]
[WhiteTeam "Jetsmark"]
[BlackTeam "Nordkalotten"]
[WhiteTeamCountry "DEN"]
[BlackTeamCountry "DEN"]

1. e4 e6 2. d4 d5 3. Nc3 Bb4 4. e5 b6 5. a3 Bf8 6. f4 Nh6 7. Be3 Ba6 8. Bxa6
Nxa6 9. Nf3 Nf5 10. Bf2 h5 11. Qd3 Nb8 12. Ne2 Be7 13. c4 c6 14. Rc1 Qd7 15.
O-O O-O 16. g3 a5 17. h3 Nh6 18. Ng5 g6 19. Kg2 Kg7 20. Nc3 Na6 21. cxd5 cxd5
22. Rh1 b5 23. Nxb5 Rfb8 24. a4 Nb4 25. Qe2 Rc8 26. Be3 Rxc1 27. Rxc1 Rc8 28.
Rxc8 Qxc8 29. Nf3 Nf5 30. Nc3 Qc4 31. Bf2 Qb3 32. Ne1 Bd8 33. g4 hxg4 34. hxg4
Nh6 35. Kh3 Na2 36. Qc2 Qc4 37. Qd3 Qb3 38. Qc2 Qc4 39. Qd3 Qb3 40. Nxa2 Qxa2
41. Qc2 Qa1 42. b3 Bb6 43. Qd3 Qb2 44. Nc2 Qc1 45. Kg3 Bd8 46. Ne3 Qh1 47. g5
Nf5+ 48. Nxf5+ gxf5 49. Be3 Be7 50. Bd2 Qd1 51. Qe3 Bd8 52. Be1 Bc7 53. Bf2 Kg8
54. Kg2 1/2-1/2

[Event "Skakliga 2007-08"]
[Site "Denmark"]
[Date "2007.11.10"]
[Round "1.7"]
[White "Koch, Soren Andreas"]
[Black "Rathlev, Jakob"]
[Result "1-0"]
[WhiteElo "2094"]
[BlackElo "2160"]
[PlyCount "117"]
[EventDate "2007.11.10"]
[EventType "team-tourn"]
[EventRounds "9"]
[EventCountry "DEN"]
[Source "ChessBase"]
[SourceDate "2003.11.25"]
[WhiteTeam "Nordkalotten"]
[BlackTeam "Jetsmark"]
[WhiteTeamCountry "DEN"]
[BlackTeamCountry "DEN"]

1. Nf3 e6 2. d4 f5 3. g3 Nf6 4. Bg2 d5 5. O-O Bd6 6. c4 c6 7. b3 Qe7 8. Bb2 O-O
9. Qc1 Nbd7 10. Ba3 Ne4 11. Bxd6 Qxd6 12. Qa3 b6 13. Rc1 Bb7 14. Qxd6 Nxd6 15.
Nbd2 Rfc8 16. Rc2 a5 17. c5 bxc5 18. dxc5 Nb5 19. a4 Nc7 20. Bh3 Re8 21. g4 g6
22. Ne1 Ba6 23. Ndf3 Bb7 24. gxf5 exf5 25. Nd3 h6 26. Nd4 Ne6 27. Nxe6 Rxe6 28.
Nf4 Rf6 29. Bg2 Re8 30. Rac1 Ba6 31. Nxd5 cxd5 32. Bxd5+ Kf8 33. c6 Nb6 34. Bf3
Ra8 35. Rc5 Bc8 36. Rb5 Ra6 37. Rcc5 Be6 38. Rxa5 Rxa5 39. Rxa5 Ke7 40. Rb5 Nc8
41. Rb8 Kd6 42. b4 Rf7 43. b5 Ra7 44. b6 Rxa4 45. b7 Kc7 46. Ra8 Rb4 47.
bxc8=Q+ Bxc8 48. Ra7+ Kb6 49. Rh7 h5 50. Rg7 f4 51. h4 Bf5 52. Rb7+ Kc5 53.
Rxb4 Kxb4 54. c7 Bc8 55. Be4 Kc5 56. Bxg6 Kd6 57. Bxh5 Bf5 58. Bg6 f3 59. e3
1-0

[Event "Skakliga 2007-08"]
[Site "Denmark"]
[Date "2007.11.10"]
[Round "1.8"]
[White "Rasmussen, Henning Lau"]
[Black "Noer, Martin Stampe"]
[Result "1/2-1/2"]
[WhiteElo "2104"]
[BlackElo "1828"]
[PlyCount "97"]
[EventDate "2007.11.10"]
[EventType "team-tourn"]
[EventRounds "9"]
[EventCountry "DEN"]
[Source "ChessBase"]
[SourceDate "2003.11.25"]
[WhiteTeam "Jetsmark"]
[BlackTeam "Nordkalotten"]
[WhiteTeamCountry "DEN"]
[BlackTeamCountry "DEN"]

1. d4 d5 2. Nf3 Nf6 3. c4 c6 4. e3 Bf5 5. Be2 e6 6. O-O Nbd7 7. Nh4 Be4 8. Nc3
Bd6 9. f3 Bg6 10. g3 Qc7 11. cxd5 exd5 12. Kg2 O-O 13. Nxg6 hxg6 14. e4 dxe4
15. fxe4 Bb4 16. e5 Bxc3 17. bxc3 Nd5 18. Qb3 Qb6 19. Bd2 a5 20. Rab1 Qxb3 21.
axb3 b5 22. c4 Nc7 23. Ra1 a4 24. bxa4 Rxa4 25. Rxa4 bxa4 26. Rb1 Rb8 27. Rxb8+
Nxb8 28. Bd1 Ne6 29. Bc3 a3 30. Ba4 f6 31. d5 cxd5 32. cxd5 Nc5 33. Bb5 fxe5
34. Bxe5 Nbd7 35. Bc3 Nb6 36. d6 a2 37. Kf3 Kf7 38. Ke2 Ke6 39. Bxg7 Kxd6 40.
Be8 Nb3 41. Bxg6 Nc4 42. Bc3 a1=Q 43. Bxa1 Nxa1 44. Be8 Nb3 45. Kd3 Ne5+ 46.
Ke4 Ke6 47. h4 Kf6 48. Kf4 Nd4 49. g4 1/2-1/2

[Event "Skakliga 2007-08"]
[Site "Denmark"]
[Date "2007.11.10"]
[Round "1.2"]
[White "Rasmussen, Karsten"]
[Black "Pedersen, Nicolai Vesterbaek"]
[Result "1-0"]
[WhiteElo "2493"]
[BlackElo "2454"]
[PlyCount "79"]
[EventDate "2007.11.10"]
[EventType "team-tourn"]
[EventRounds "9"]
[EventCountry "DEN"]
[Source "ChessBase"]
[SourceDate "2003.11.25"]
[WhiteTeam "Aarhus/Skolerne"]
[BlackTeam "Aalborg"]
[WhiteTeamCountry "DEN"]
[BlackTeamCountry "DEN"]

1. c4 e5 2. g3 Nf6 3. Bg2 h6 4. d3 Nc6 5. Nf3 Bc5 6. O-O d6 7. Nc3 a6 8. a3 O-O
9. b4 Ba7 10. Bb2 Be6 11. Nd2 d5 12. cxd5 Nxd5 13. Na4 Nd4 14. e3 Nf5 15. Nc5
Bxc5 16. bxc5 Nde7 17. Nf3 f6 18. g4 Nxe3 19. fxe3 Bxg4 20. Qb3+ Kh8 21. h3 Bh5
22. d4 e4 23. Nh4 Be2 24. Rf2 Bd3 25. Bf1 Qd7 26. Bxd3 exd3 27. Qxd3 Qxh3 28.
Rh2 Qd7 29. Rf1 Rad8 30. Qe4 Rfe8 31. Qf3 Qe6 32. e4 c6 33. Qg2 Rd7 34. Rh3 Ng8
35. e5 Red8 36. Ng6+ Kh7 37. Nf4 Qf5 38. Nh5 Qg5 39. exf6 Rd5 40. f7 1-0

[Event "Skakliga 2007-08"]
[Site "Denmark"]
[Date "2007.11.10"]
[Round "1.3"]
[White "Luch, Michal"]
[Black "Sorensen, Jan"]
[Result "1/2-1/2"]
[WhiteElo "2389"]
[BlackElo "2423"]
[PlyCount "70"]
[EventDate "2007.11.10"]
[EventType "team-tourn"]
[EventRounds "9"]
[EventCountry "DEN"]
[Source "ChessBase"]
[SourceDate "2003.11.25"]
[WhiteTeam "Aalborg"]
[BlackTeam "Aarhus/Skolerne"]
[WhiteTeamCountry "DEN"]
[BlackTeamCountry "DEN"]

1. e4 e6 2. d4 d5 3. Nd2 Nc6 4. Ngf3 Nf6 5. e5 Nd7 6. Bb5 Be7 7. Nb3 a5 8. Be3
a4 9. Bxc6 bxc6 10. Nc5 Nxc5 11. dxc5 Ba6 12. b4 axb3 13. cxb3 Kd7 14. Qc2 g5
15. O-O-O g4 16. Nd4 Qf8 17. f4 gxf3 18. gxf3 Qg7 19. f4 Rhg8 20. Rhg1 Qh6 21.
Rg3 Rxg3 22. hxg3 Qg6 23. Bf2 Qxc2+ 24. Nxc2 Be2 25. Rd2 Bf3 26. Nd4 Be4 27.
Ne2 f6 28. exf6 Bxf6 29. Nd4 e5 30. fxe5 Bxe5 31. Ne2 Rf8 32. Bd4 Rf1+ 33. Rd1
Rf5 34. Rd2 Rf1+ 35. Rd1 Rf5 1/2-1/2

[Event "Skakliga 2007-08"]
[Site "Denmark"]
[Date "2007.11.10"]
[Round "1.4"]
[White "Rasmussen, Casper Dahl"]
[Black "Pedersen, Daniel V"]
[Result "1-0"]
[WhiteElo "2368"]
[BlackElo "2235"]
[PlyCount "53"]
[EventDate "2007.11.10"]
[EventType "team-tourn"]
[EventRounds "9"]
[EventCountry "DEN"]
[Source "ChessBase"]
[SourceDate "2003.11.25"]
[WhiteTeam "Aarhus/Skolerne"]
[BlackTeam "Aalborg"]
[WhiteTeamCountry "DEN"]
[BlackTeamCountry "DEN"]

1. c4 e6 2. e4 d5 3. exd5 exd5 4. d4 Nf6 5. Nc3 Be7 6. Nf3 O-O 7. cxd5 Nxd5 8.
Bd3 Nf6 9. h3 Nc6 10. O-O Be6 11. Re1 h6 12. a3 Qd7 13. Bc2 Rad8 14. Be3 Qc8
15. Qd3 Kh8 16. Rad1 Rfe8 17. Bc1 Nxd4 18. Nxd4 c5 19. Rxe6 fxe6 20. Qg6 Rxd4
21. Re1 Rg8 22. Ne2 Rd6 23. Nf4 Qe8 24. b4 c4 25. Bb2 b5 26. Bxf6 Bxf6 27. Qh7#
1-0

[Event "Skakliga 2007-08"]
[Site "Denmark"]
[Date "2007.11.10"]
[Round "1.5"]
[White "Nielsen, Steffen Slumstrup"]
[Black "Boe, Mads"]
[Result "1/2-1/2"]
[WhiteElo "2226"]
[BlackElo "2355"]
[PlyCount "30"]
[EventDate "2007.11.10"]
[EventType "team-tourn"]
[EventRounds "9"]
[EventCountry "DEN"]
[Source "ChessBase"]
[SourceDate "2003.11.25"]
[WhiteTeam "Aalborg"]
[BlackTeam "Aarhus/Skolerne"]
[WhiteTeamCountry "DEN"]
[BlackTeamCountry "DEN"]

1. e4 c6 2. d4 d5 3. Nc3 dxe4 4. Nxe4 Bf5 5. Ng3 Bg6 6. Bc4 e6 7. N1e2 Bd6 8.
O-O Ne7 9. Nf4 Qc7 10. Qf3 Nd5 11. Nfh5 Rg8 12. Ne4 Be7 13. Bb3 Nd7 14. c4 Bxh5
15. Qxh5 N5f6 1/2-1/2

[Event "Skakliga 2007-08"]
[Site "Denmark"]
[Date "2007.11.10"]
[Round "1.6"]
[White "Hagen, Andreas Skytte"]
[Black "Meyer, Lars August"]
[Result "1-0"]
[WhiteElo "2296"]
[BlackElo "2222"]
[PlyCount "81"]
[EventDate "2007.11.10"]
[EventType "team-tourn"]
[EventRounds "9"]
[EventCountry "DEN"]
[Source "ChessBase"]
[SourceDate "2003.11.25"]
[WhiteTeam "Aarhus/Skolerne"]
[BlackTeam "Aalborg"]
[WhiteTeamCountry "DEN"]
[BlackTeamCountry "DEN"]

1. Nf3 Nf6 2. c4 c6 3. Nc3 d5 4. d4 e6 5. Bg5 h6 6. Bh4 Bb4 7. e3 g5 8. Bg3 Ne4
9. Qb3 Qa5 10. Rc1 Nd7 11. Bd3 f5 12. Bxe4 fxe4 13. Ne5 h5 14. h4 g4 15. a3
Nxe5 16. Bxe5 Bxc3+ 17. bxc3 Rh7 18. f3 dxc4 19. Qb1 Qd5 20. fxe4 Qb5 21. Bd6
Qxb1 22. Rxb1 b6 23. O-O Bb7 24. Rf6 Kd7 25. e5 c5 26. dxc5 Be4 27. Rb4 b5 28.
Rxb5 Kc6 29. Rb4 Bd3 30. Rxe6 g3 31. Rf6 Rg8 32. e6 Rg4 33. Rf4 Rg6 34. e7 Re6
35. Rf3 Rg7 36. Rb8 Rgxe7 37. Bxe7 Rxe7 38. Rxg3 Re4 39. Rc8+ Kb7 40. Rf8 Kc6
41. Rg6+ 1-0

[Event "Skakliga 2007-08"]
[Site "Denmark"]
[Date "2007.11.10"]
[Round "1.7"]
[White "Hjorth, Torben"]
[Black "Christensen, Tobias"]
[Result "0-1"]
[WhiteElo "2151"]
[BlackElo "2321"]
[PlyCount "80"]
[EventDate "2007.11.10"]
[EventType "team-tourn"]
[EventRounds "9"]
[EventCountry "DEN"]
[Source "ChessBase"]
[SourceDate "2003.11.25"]
[WhiteTeam "Aalborg"]
[BlackTeam "Aarhus/Skolerne"]
[WhiteTeamCountry "DEN"]
[BlackTeamCountry "DEN"]

1. e4 g6 2. d4 Bg7 3. Nc3 c6 4. Nf3 b5 5. h3 a5 6. Be2 b4 7. Nb1 Nf6 8. e5 Ne4
9. O-O d5 10. exd6 Qxd6 11. a3 Bb7 12. Be3 O-O 13. axb4 axb4 14. Rxa8 Bxa8 15.
Nbd2 c5 16. Nc4 Qc7 17. dxc5 Nxc5 18. Qc1 Ne6 19. Rd1 Bxf3 20. gxf3 Nc6 21. c3
bxc3 22. bxc3 Ne5 23. Nb6 Qc6 24. Nd5 Re8 25. Qa3 Bf6 26. Qb4 Nc7 27. c4 Nxd5
28. cxd5 Qc2 29. Rd2 Qf5 30. Kg2 g5 31. Bc5 Ng6 32. Qg4 Nf4+ 33. Kf1 Qb1+ 34.
Bd1 Qb5+ 35. Kg1 Qxc5 36. h4 Qc8 37. Qg3 h6 38. hxg5 hxg5 39. d6 exd6 40. Rxd6
Kg7 0-1

[Event "Skakliga 2007-08"]
[Site "Denmark"]
[Date "2007.11.10"]
[Round "1.8"]
[White "Pedersen, Finn"]
[Black "Nielsen, Jorgen G"]
[Result "1-0"]
[WhiteElo "2262"]
[BlackElo "2149"]
[PlyCount "72"]
[EventDate "2007.11.10"]
[EventType "team-tourn"]
[EventRounds "9"]
[EventCountry "DEN"]
[Source "ChessBase"]
[SourceDate "2003.11.25"]
[WhiteTeam "Aarhus/Skolerne"]
[BlackTeam "Aalborg"]
[WhiteTeamCountry "DEN"]
[BlackTeamCountry "DEN"]

1. Nf3 Nf6 2. g3 c5 3. Bg2 d5 4. d3 Nc6 5. Nbd2 e6 6. e4 Be7 7. O-O O-O 8. Re1
b5 9. e5 Nd7 10. Nf1 Bb7 11. h4 Qb6 12. Bf4 Rae8 13. c3 d4 14. N1d2 f6 15. exf6
Bxf6 16. Ne4 Be5 17. Nxe5 Ncxe5 18. cxd4 cxd4 19. a4 bxa4 20. Qxa4 Bc6 21. Qa3
Ng4 22. Qxa7 Bxe4 23. Qxb6 Nxb6 24. Rxe4 e5 25. Rae1 Nd7 26. R4e2 Nc5 27. Bd5+
Kh8 28. Bc4 Na4 29. f3 Rb8 30. fxg4 exf4 31. gxf4 Nxb2 32. Re4 Nxc4 33. dxc4 d3
34. Rd1 Rbd8 35. Kf2 h5 36. g5 Rf5 1-0

[Event "Skakliga 2007-08"]
[Site "Denmark"]
[Date "2007.11.10"]
[Round "1.1"]
[White "Nielsen, Peter Heine"]
[Black "Teplyi, Igor"]
[Result "1-0"]
[WhiteElo "2628"]
[BlackElo "2233"]
[PlyCount "71"]
[EventDate "2007.11.10"]
[EventType "team-tourn"]
[EventRounds "9"]
[EventCountry "DEN"]
[Source "ChessBase"]
[SourceDate "2003.11.25"]
[WhiteTeam "Helsinge"]
[BlackTeam "Nordre"]
[WhiteTeamCountry "DEN"]
[BlackTeamCountry "DEN"]

1. e4 c5 2. Nf3 d6 3. d4 cxd4 4. Nxd4 Nf6 5. Nc3 a6 6. f3 e6 7. Be3 b5 8. Qd2
Nbd7 9. O-O-O Bb7 10. g4 Nb6 11. Qf2 Nfd7 12. Bd3 Rc8 13. Nce2 Be7 14. h4 Nc4
15. Bxc4 bxc4 16. Kb1 Qa5 17. g5 Nc5 18. Nc3 O-O 19. Nde2 Rc7 20. h5 Rb8 21. g6
Ba8 22. Ka1 Rcb7 23. Rb1 Rb4 24. gxh7+ Kxh7 25. Bd4 e5 26. Bxc5 Qxc5 27. Qxc5
dxc5 28. Rhd1 f5 29. Ng3 fxe4 30. fxe4 Rf8 31. Nf5 Bxe4 32. Nxe7 Bxc2 33. Rf1
Re8 34. Rbc1 Bd3 35. Rf7 Rb7 36. Rg1 1-0

[Event "Skakliga 2007-08"]
[Site "Denmark"]
[Date "2007.11.10"]
[Round "1.2"]
[White "Wiwe, Andreas"]
[Black "Berg, Emanuel"]
[Result "0-1"]
[WhiteElo "2169"]
[BlackElo "2580"]
[PlyCount "108"]
[EventDate "2007.11.10"]
[EventType "team-tourn"]
[EventRounds "9"]
[EventCountry "DEN"]
[Source "ChessBase"]
[SourceDate "2003.11.25"]
[WhiteTeam "Nordre"]
[BlackTeam "Helsinge"]
[WhiteTeamCountry "DEN"]
[BlackTeamCountry "DEN"]

1. e4 e6 2. d4 d5 3. Nc3 Bb4 4. e5 Qd7 5. a3 Bxc3+ 6. bxc3 b6 7. Qg4 f5 8. Qg3
Ba6 9. Bxa6 Nxa6 10. Ne2 O-O-O 11. a4 Nb8 12. a5 Nc6 13. axb6 cxb6 14. h4 Kb7
15. Nf4 Rc8 16. Nh5 Rc7 17. Ba3 Qf7 18. Nf4 Nge7 19. Bd6 Rd7 20. Qd3 Nc8 21.
Qa6+ Ka8 22. O-O Rb7 23. c4 Nxd6 24. cxd5 exd5 25. exd6 Rd8 26. c4 dxc4 27. d5
Ne5 28. Rfe1 Qf6 29. Nh5 Qxd6 30. Nf4 Nd3 31. Nxd3 cxd3 32. Qxd3 Qxd5 33. Qxd5
Rxd5 34. Re8+ Rb8 35. Re7 a5 36. Rxg7 Rb7 37. Rg8+ Ka7 38. Rf8 Ka6 39. Rf6 Rbd7
40. Kh2 R7d6 41. Rf7 b5 42. Rxh7 b4 43. Rh8 Rd8 44. Rh6+ R5d6 45. Rh5 Rd1 46.
Ra2 R8d2 47. Rxd2 Rxd2 48. Rxf5 b3 49. h5 b2 50. Rf6+ Kb5 51. Rf5+ Ka4 52. Rf4+
Ka3 53. Rf3+ Ka2 54. Rf5 a4 0-1

[Event "Skakliga 2007-08"]
[Site "Denmark"]
[Date "2007.11.10"]
[Round "1.3"]
[White "Schandorff, Lars"]
[Black "Petersen, Tom Petri"]
[Result "1/2-1/2"]
[WhiteElo "2525"]
[BlackElo "2286"]
[PlyCount "57"]
[EventDate "2007.11.10"]
[EventType "team-tourn"]
[EventRounds "9"]
[EventCountry "DEN"]
[Source "ChessBase"]
[SourceDate "2003.11.25"]
[WhiteTeam "Helsinge"]
[BlackTeam "Nordre"]
[WhiteTeamCountry "DEN"]
[BlackTeamCountry "DEN"]

1. d4 g6 2. c4 Bg7 3. e4 d6 4. Nc3 Nf6 5. Nf3 O-O 6. h3 e5 7. d5 Na6 8. Bg5 c5
9. Qd2 Bd7 10. Be2 Qa5 11. Nh2 Nc7 12. Ng4 Nxg4 13. hxg4 f6 14. Be3 a6 15. Nb1
Qxd2+ 16. Nxd2 b5 17. b3 b4 18. a3 a5 19. Bd1 Na6 20. f3 bxa3 21. Rxa3 Nb4 22.
Nb1 f5 23. gxf5 gxf5 24. Kd2 f4 25. Bf2 Rf6 26. Nc3 Rg6 27. Rh2 Bf6 28. Ra1 h6
29. Be2 1/2-1/2

[Event "Skakliga 2007-08"]
[Site "Denmark"]
[Date "2007.11.10"]
[Round "1.4"]
[White "Baekgaard, Martin"]
[Black "Fries Nielsen, Niels Jorgen"]
[Result "1/2-1/2"]
[WhiteElo "2231"]
[BlackElo "2400"]
[PlyCount "56"]
[EventDate "2007.11.10"]
[EventType "team-tourn"]
[EventRounds "9"]
[EventCountry "DEN"]
[Source "ChessBase"]
[SourceDate "2003.11.25"]
[WhiteTeam "Nordre"]
[BlackTeam "Helsinge"]
[WhiteTeamCountry "DEN"]
[BlackTeamCountry "DEN"]

1. d4 Nf6 2. c4 c5 3. d5 b5 4. cxb5 a6 5. f3 d6 6. e4 g6 7. Na3 Bg7 8. Ne2 O-O
9. Nc3 axb5 10. Naxb5 Na6 11. Be2 Nc7 12. O-O Nxb5 13. Nxb5 Ne8 14. a4 Nc7 15.
Rb1 Nxb5 16. Bxb5 Bd7 17. b4 Bxb5 18. axb5 c4 19. Be3 Ra3 20. Qe2 Qd7 21. b6
Qa4 22. Bf2 c3 23. Qc4 c2 24. Rbc1 Rc3 25. Qe2 Qb3 26. f4 Rc4 27. e5 Rb8 28.
Qd2 Rbc8 1/2-1/2

[Event "Skakliga 2007-08"]
[Site "Denmark"]
[Date "2007.11.10"]
[Round "1.5"]
[White "Vaznonis, Vytautas"]
[Black "Hoiberg, Nina"]
[Result "1-0"]
[WhiteElo "2384"]
[BlackElo "2183"]
[PlyCount "21"]
[EventDate "2007.11.10"]
[EventType "team-tourn"]
[EventRounds "9"]
[EventCountry "DEN"]
[Source "ChessBase"]
[SourceDate "2003.11.25"]
[WhiteTeam "Helsinge"]
[BlackTeam "Nordre"]
[WhiteTeamCountry "DEN"]
[BlackTeamCountry "DEN"]

1. d4 d6 2. Nf3 Bg4 3. Nbd2 Nf6 4. h3 Bh5 5. e4 e5 6. dxe5 dxe5 7. g4 Bg6 8.
Nxe5 Bc5 9. Nxg6 Bxf2+ 10. Kxf2 Nxe4+ 11. Nxe4 1-0

[Event "Skakliga 2007-08"]
[Site "Denmark"]
[Date "2007.11.10"]
[Round "1.6"]
[White "Veng, Johny"]
[Black "Bekker Jensen, Simon"]
[Result "1/2-1/2"]
[WhiteElo "2171"]
[BlackElo "2389"]
[PlyCount "56"]
[EventDate "2007.11.10"]
[EventType "team-tourn"]
[EventRounds "9"]
[EventCountry "DEN"]
[Source "ChessBase"]
[SourceDate "2003.11.25"]
[WhiteTeam "Nordre"]
[BlackTeam "Helsinge"]
[WhiteTeamCountry "DEN"]
[BlackTeamCountry "DEN"]

1. Nf3 Nf6 2. c4 g6 3. d4 Bg7 4. Nc3 O-O 5. Bg5 c5 6. e3 cxd4 7. exd4 d5 8.
Bxf6 Bxf6 9. Nxd5 Bg7 10. Ne3 Nc6 11. d5 Qa5+ 12. Nd2 Bxb2 13. dxc6 Rd8 14. Nd5
Bxa1 15. Qxa1 bxc6 16. Nc3 Bg4 17. f3 Qg5 18. Nce4 Qe3+ 19. Be2 Bf5 20. Qc3
Qxc3 21. Nxc3 Rab8 22. Nb3 Bd3 23. Na4 Rb4 24. Bxd3 Rxa4 25. Nc1 Rb4 26. O-O a5
27. Re1 e6 28. Kf1 Kg7 1/2-1/2